| 000 | 00491nam a2200181Ia 4500 | ||
|---|---|---|---|
| 001 | 44507 | ||
| 008 | 140428s9999 xx 000 0 und d | ||
| 020 | _aNA | ||
| 040 | _cPK-LaUMT | ||
| 082 |
_aRHC 891.4394 _bABU-P |
||
| 100 | _aAbu Salman Shahjehanpuri | ||
| 245 |
_aPaanch maqaalay (Urdu) _cAbu Salman Shahjehanpuri |
||
| 260 |
_aKarachi,Pakistan: _bIdarah Tasneef-o-Tahqeeq Pakistan, _c1987 |
||
| 300 | _a192 p. | ||
| 546 | _aUR | ||
| 650 | _aPakistani literature-Urdu | ||
| 942 | _cBK | ||
| 999 |
_c42498 _d42498 |
||